[Event "Aegina op"]
[Site "Aegina"]
[Date "1994.??.??"]
[Round "7"]
[White "Moutousis, Konstantinos"]
[Black "Nikcevic, Nebojsa"]
[Result "1-0"]
[WhiteElo "2425"]
[BlackElo "2470"]

1.d4 d5 2.Nf3 Nf6 3.c4 e6 4.Nc3 c6 5.e3 Nbd7 6.Qc2 Bd6 7.Be2 O-O 8.b3 b6
9.O-O Bb7 10.Bb2 c5 11.cxd5 exd5 12.Rfd1 Rc8 13.Rac1 Qe7 14.g3 a6 15.Bf1 c4
16.a4 Rfe8 17.Bg2 Ne4 18.Nxe4 dxe4 19.Nd2 cxb3 20.Qxb3 Rb8 21.Nb1 Nf6 22.Ba3 Bd5
23.Qb2 b5 24.Bxd6 Qxd6 25.axb5 axb5 26.Nd2 Qe6 27.Qb4 Rb6 28.Rc5 Reb8 29.Rdc1 h5
30.Nb1 Nd7 31.Rc7 Bc4 32.Nc3 Nf6 33.Re7 Qg4 34.Re5 Bd3 35.Ra1 Rc6 36.h3 Qc8
37.Nxe4 Bxe4 38.Bxe4 Nxe4 39.Rxe4 Qxh3 40.d5 Rg6 41.Rf4 Re8 42.Re1 Re5 43.Qxb5 Reg5
44.Qe8+ Kh7 45.Qe4 f5 46.Qh1 Qxh1+ 47.Kxh1 Rd6 48.Rd1 Kg6 49.Kh2 Kf6 50.f3 Ke7
51.Kh3 Rdg6 52.Rg1 Kd6 53.Rd4 f4 54.exf4 Rxd5 55.Rxd5+ Kxd5 56.Re1 Kd4 57.Re4+ Kd3
58.Re5 Rh6 59.Kh4 g6 60.Kg5 Rh8 61.Kxg6 Rg8+ 62.Kxh5 Rxg3 63.f5 Kd4 64.Re1 Kd5
65.f4  1-0

[Event "Akureyri"]
[Site "Akureyri"]
[Date "1994.??.??"]
[Round "?"]
[White "Olafsson, Helgi"]
[Black "Thorhallsson, Throstur"]
[Result "1-0"]
[WhiteElo "2535"]
[BlackElo "2470"]

1.c4 c6 2.d4 d5 3.Nc3 Nf6 4.Nf3 e6 5.e3 Nbd7 6.Qc2 Bd6 7.b3 O-O 8.Be2 dxc4
9.bxc4 e5 10.O-O Re8 11.Rd1 exd4 12.exd4 Nf8 13.Rb1 Qe7 14.h3 Ng6 15.c5 Bf4
16.Bc4 Qc7 17.Ng5 Bxg5 18.Bxg5 Be6 19.Bxe6 Rxe6 20.Bxf6 gxf6 21.Ne4 Qf4 22.Nd6 b6
23.Rb3 Rd8 24.Rf3 Qg5 25.Rf5 Qh6 26.d5 cxd5 27.Rfxd5 Qf8 28.cxb6 axb6 29.Qd2 Re5
30.Rd4 Ra8 31.a4 h5 32.Qb2 Qe7 33.Kf1 Rea5 34.Qc2 Qe6 35.Nb5 Qe5 36.Kg1 Nf4
37.Re4 Qg5 38.g3 Ne6 39.h4 Qf5 40.Qc6 Qf3 41.Rde1 Qf5 42.Nd4 Nxd4 43.Rxd4 Kg7
44.Rf4 Qg6 45.Re7 f5 46.Qd7 Qf6 47.Kh2 Kg6 48.Re8 Rxe8 49.Qxe8 Re5 50.Qg8+ Kh6
51.Rc4 Re2 52.Kg2 Rxf2+ 53.Kxf2 Qb2+ 54.Ke3 Qb3+ 55.Kd4 Qd1+ 56.Ke5 Qe2+
57.Kd5 Qe6+ 58.Kd4 Qd6+ 59.Kc3 Qa3+ 60.Kd4 Qd6+ 61.Kc3 Qa3+ 62.Kd2 Qb2+ 63.Rc2 Qd4+
64.Ke2 Qe4+ 65.Kd1 Qd3+ 66.Kc1 Qa3+ 67.Kd2 Qb4+ 68.Rc3 Qb2+ 69.Kd3 Qb1+ 70.Kc4 Qa2+
71.Kd3 Qb1+ 72.Rc2 Qb3+ 73.Kd2 Qb4+ 74.Ke2 Qe4+ 75.Kd1 Qd3+ 76.Rd2 Qf1+ 77.Kc2 Qc4+
78.Kb2 Qb4+ 79.Kc1 Qc3+ 80.Kd1 Qf3+ 81.Re2 Qh1+ 82.Kc2 Qc6+ 83.Kb2 Qf6+ 84.Kb1 Qb2+
85.Kxb2  1-0

[Event "Alcobendas op"]
[Site "Alcobendas"]
[Date "1994.??.??"]
[Round "8"]
[White "Barlov, Dragan"]
[Black "Korneev, Oleg"]
[Result "0-1"]
[WhiteElo "2475"]
[BlackElo "2505"]

1.d4 d5 2.c4 e6 3.Nc3 c6 4.e3 Nf6 5.Nf3 Nbd7 6.Qc2 Bd6 7.Be2 O-O 8.O-O b6
9.e4 dxe4 10.Nxe4 Nxe4 11.Qxe4 Bb7 12.Bg5 Qc7 13.Bd3 g6 14.Qh4 c5 15.Be4 Bxe4
16.Qxe4 cxd4 17.Qxd4 Ne5 18.Nd2 f5 19.h3 Nc6 20.Qd3 Be5 21.Rae1 Rfe8 22.c5 bxc5
23.Nb3 Nd4 24.Qc4 Rac8 25.Bd2 Kh8 26.Bc3 Bg7 27.f4 h6 28.Rd1 Qb6 29.Kh1 Kh7
30.Rc1 g5 31.fxg5 hxg5 32.Ba5 Qd6 33.Nxc5 g4 34.hxg4 Rh8 35.Kg1 Rxc5 36.Qxc5 Ne2+
37.Kf2 Bd4+ 38.Kxe2 Bxc5 39.Rh1+ Kg8 40.Rxh8+ Kxh8 41.Bc3+ Bd4 42.gxf5 Qe5+
43.Kd3 Bxc3 44.Rxc3 Qxf5+  0-1

[Event "Altensteig-J"]
[Site "Altensteig"]
[Date "1994.??.??"]
[Round "?"]
[White "Kadimova, Ilaha"]
[Black "Huber, Armin"]
[Result "1/2-1/2"]
[WhiteElo "2335"]
[BlackElo "2305"]

1.d4 d5 2.c4 e6 3.Nc3 c6 4.e3 Nf6 5.Nf3 Nbd7 6.Bd3 Bd6 7.O-O dxc4 8.Bxc4 O-O
9.e4 e5 10.Bg5 Qe7 11.d5 Nb6 12.Bb3 h6 13.Bh4 Rd8 14.Qe2 Bc5 15.Rfe1 Bg4
16.h3 Bxf3 17.Qxf3 Bd4 18.Rac1 Rac8 19.Rc2 c5 20.a3 g5 21.Bg3 Ne8 22.Ne2 Kg7
23.Rec1 Qf6 24.Qg4 Nd6 25.h4 Re8 26.hxg5 Qxg5 27.Qxg5+ hxg5 28.Nxd4 cxd4
29.Rxc8 Nbxc8 30.f3 Nb6 31.Kf1 f6 32.Ke2 Rc8 33.Rxc8 Nbxc8 34.Be1  1/2-1/2

[Event "UKR-chT"]
[Site "Alushta"]
[Date "1994.??.??"]
[Round "?"]
[White "Timoshenko, Georgy"]
[Black "Titov, German"]
[Result "1-0"]
[WhiteElo "2520"]
[BlackElo "2500"]

1.d4 d5 2.c4 c6 3.Nf3 Nf6 4.Nc3 e6 5.e3 Nbd7 6.Bd3 dxc4 7.Bxc4 b5 8.Bd3 Bb7
9.e4 b4 10.Na4 c5 11.e5 Nd5 12.O-O h6 13.Nxc5 Nxc5 14.dxc5 Bxc5 15.Qe2 Qb6
16.Bd2 Kf8 17.Rac1 g6 18.h4 Kg7 19.h5 g5 20.Nh2 Rac8 21.Kh1 a5 22.Ng4 Bd4
23.Rxc8 Rxc8 24.f4 Nxf4 25.Bxf4 gxf4 26.Rxf4 Rc1+ 27.Rf1 Qc5 28.Qd2 Rxf1+
29.Bxf1 Kf8 30.Qxh6+ Ke7 31.Qg5+ Kd7 32.h6 Qc2 33.Qf4 Qd1 34.h7 Bxg2+ 35.Kxg2 Qc2+
36.Kg3 Qd1 37.h8=Q Qe1+ 38.Kg2  1-0

[Event "UKR-chT"]
[Site "Alushta"]
[Date "1994.??.??"]
[Round "?"]
[White "Semenov, Valeri"]
[Black "Onischuk, Alexander"]
[Result "0-1"]
[WhiteElo "2325"]
[BlackElo "2535"]

1.Nf3 d5 2.d4 c6 3.c4 Nf6 4.Nc3 e6 5.e3 Nbd7 6.Bd3 dxc4 7.Bxc4 b5 8.Be2 a6
9.e4 b4 10.e5 bxc3 11.exf6 Nxf6 12.bxc3 Bd6 13.Nd2 O-O 14.Nc4 Be7 15.Bf3 Qc7
16.O-O Nd5 17.Ne3 Nxc3 18.Qc2 Nb5 19.Qxc6 Ra7 20.Bb2 Bb7 21.Qxc7 Nxc7 22.Be2 Rb8
23.d5 Nxd5 24.Bd4 Raa8 25.Nxd5 Bxd5 26.Rab1 a5 27.a4 Bb4 28.Bb5 Rc8 29.Rbc1 Ba3
30.Rc3 Bb4 31.Rg3 g6 32.h4 h5 33.Re3 Bc5 34.Rd1 Rab8 35.Rdd3 Bxd4 36.Rxd4 Kg7
37.f3 Rc2 38.Bd3 Ra2 39.Bb5 Rc8 40.Rd2 Rcc2 41.Rxc2 Rxc2 42.Re1 Kf6 43.Be8 Rc4  0-1

[Event "Alushta3"]
[Site "Alushta"]
[Date "1994.??.??"]
[Round "2"]
[White "Epelbaum, Maksim"]
[Black "Savon, Vladimir A"]
[Result "1-0"]
[WhiteElo "2305"]
[BlackElo "2435"]

1.d4 d5 2.c4 c6 3.Nf3 Nf6 4.Nc3 e6 5.e3 Nbd7 6.Be2 Bd6 7.O-O O-O 8.Qc2 dxc4
9.a4 b6 10.Bxc4 Bb7 11.e4 e5 12.h3 Qe7 13.Re1 Rae8 14.Bg5 Bb8 15.Ba2 h6 16.Bh4 g5
17.Bg3 Nh5 18.Bxe5 Nxe5 19.dxe5 Bxe5 20.Rad1 Bc8 21.Nd4 Qc5 22.Nb3 Qb4 23.Nc1 Nf4
24.N3e2 Qxb2 25.Qxc6 Kg7 26.Nxf4 Bxf4 27.Bd5 Qf6 28.Qc4 g4 29.hxg4 Bxg4 30.Ne2 Qg5
31.Nxf4 Bxd1 32.Qd4+ Kh7 33.Nh3 Qg4 34.Qxd1 Qxd1 35.Rxd1 Rc8 36.Nf4 Rc3 37.Ne2 Ra3
38.Bc6 Rc8 39.Bb5 Rc7 40.Rd6 Ra2 41.f4 Rcc2 42.Kf2 Rd2 43.e5 Kg7 44.Ke3 Rxd6
45.exd6 Kf6 46.Nd4 Rxg2 47.d7 Ke7 48.Nf5+ Kd8 49.Nd6  1-0

[Event "Alushta4"]
[Site "Alushta"]
[Date "1994.??.??"]
[Round "8"]
[White "Malaniuk, Vladimir P"]
[Black "Onischuk, Alexander"]
[Result "1/2-1/2"]
[WhiteElo "2595"]
[BlackElo "2535"]

1.d4 Nf6 2.c4 e6 3.Nf3 d5 4.Nc3 c6 5.e3 Nbd7 6.Qc2 Bd6 7.Bd2 O-O 8.Bd3 Qe7
9.O-O dxc4 10.Bxc4 e5 11.h3 Nb6 12.Nxe5 Bxe5 13.dxe5 Qxe5 14.Bd3 Be6 15.Ne2 h6
16.Bc3 Qg5 17.Nd4 Bd7 18.e4 Nh5 19.Nf3 Qe7 20.Bd4 Rfe8 21.Bc5 Qf6 22.e5 Qd8
23.Rad1 Nf4 24.Bh7+ Kh8 25.Be4 Qc8 26.Bxb6 axb6 27.Qd2 Nxh3+ 28.Kh2 Bf5 29.Rfe1 Ra4
30.b4 Ra3 31.Qb2 Bxe4 32.Qxa3 Nxf2 33.Rd4 Ng4+ 34.Kg1 Bd5 35.Qd3 Qe6 36.Qd1 Bxa2
37.Ng5 hxg5 38.Qxg4 Qxg4 39.Rxg4 Kg8 40.Kf2 c5 41.Rxg5 Rd8 42.bxc5 bxc5 43.e6 Bxe6
44.Rxc5 Rd2+  1/2-1/2

[Event "Donner mem-B"]
[Site "Amsterdam"]
[Date "1994.??.??"]
[Round "9"]
[White "Ligterink, Gert"]
[Black "Pachman, Ludek"]
[Result "1-0"]
[WhiteElo "2430"]
[BlackElo "2340"]

1.d4 d5 2.c4 c6 3.Nc3 Nf6 4.e3 e6 5.Nf3 Nbd7 6.Bd3 Bb4 7.a3 Ba5 8.O-O O-O
9.Qc2 dxc4 10.Bxc4 Bc7 11.Ba2 e5 12.Bd2 exd4 13.exd4 Nb6 14.h3 Nbd5 15.Rfe1 Nf4
16.Rad1 N6d5 17.Nxd5 Nxd5 18.Ng5 g6 19.Ne4 Bf5 20.Bh6 Re8 21.Bxd5 cxd5 22.Qxc7 Qxc7
23.Nf6+ Kh8 24.Rxe8+  1-0

[Event "Andorra op"]
[Site "Andorra"]
[Date "1994.??.??"]
[Round "8"]
[White "Pogorelov, Ruslan"]
[Black "Prie, Eric"]
[Result "1/2-1/2"]
[WhiteElo "2415"]
[BlackElo "2475"]

1.Nf3 d5 2.d4 Nf6 3.c4 c6 4.Nc3 e6 5.e3 Nbd7 6.Qc2 b6 7.Be2 Bb7 8.O-O Bd6
9.e4 dxe4 10.Nxe4 Nxe4 11.Qxe4 Nf6 12.Qh4 c5 13.dxc5 Bxc5 14.Bg5 Qe7 15.Rfd1 Bxf3
16.Bxf3 Rc8 17.b4 Bxb4 18.c5 Bxc5 19.Qa4+ Kf8 20.Bxf6 gxf6 21.Rd7 Qe8 22.Rad1 h5
23.Bb7 Rb8 24.Qf4 Kg7 25.Qg3+ Kh6 26.Qf4+ Kg7 27.Qg3+ Kh6 28.Qf4+ Kg7  1/2-1/2

[Event "Antwerp op"]
[Site "Antwerp"]
[Date "1994.??.??"]
[Round "5"]
[White "Wells, Peter K"]
[Black "Gurevich, Mikhail"]
[Result "1/2-1/2"]
[WhiteElo "2490"]
[BlackElo "2620"]

1.d4 Nf6 2.c4 e6 3.Nf3 d5 4.Nc3 c6 5.e3 Nbd7 6.Qc2 Bd6 7.g4 Nxg4 8.Rg1 f5
9.h3 Ngf6 10.Rxg7 Ne4 11.Bd2 Kf8 12.Rg2 Rg8 13.cxd5 exd5 14.O-O-O Qe7 15.Rxg8+ Kxg8
16.Bd3 Nxf2 17.Rg1+ Kh8 18.Bxf5 Nf6 19.Ng5 h6 20.Rg2 hxg5 21.Rxf2 Bxf5 22.Qxf5 Nh7
23.Qg6 Rg8 24.Qh5 Rf8 25.Rxf8+ Qxf8 26.a3 Qf1+ 27.Kc2 Qf5+ 28.e4 dxe4 29.Qg4 Qxg4
30.hxg4 Nf6 31.Bxg5 Nxg4 32.Nxe4 Bf8 33.Nc3 Kg8 34.d5 cxd5 35.Nxd5 Kf7 36.Nc3  1/2-1/2

[Event "Antwerp op"]
[Site "Antwerp"]
[Date "1994.??.??"]
[Round "5"]
[White "Flear, Glenn C"]
[Black "Hector, Jonny"]
[Result "1/2-1/2"]
[WhiteElo "2505"]
[BlackElo "2530"]

1.d4 d5 2.c4 c6 3.Nc3 Nf6 4.e3 e6 5.Nf3 Nbd7 6.Bd3 dxc4 7.Bxc4 b5 8.Be2 b4
9.Na4 Bb7 10.O-O Be7 11.a3 a5 12.Qc2 O-O 13.axb4 axb4 14.Bd2 Qa5 15.Rfc1 Rfc8
16.Qd1 Qf5 17.Qe1 Rab8 18.Bxb4 Bxb4 19.Qxb4 c5 20.Qe1 Bxf3 21.Bxf3 cxd4 22.exd4 e5
23.Rxc8+ Rxc8 24.dxe5 Nxe5 25.Be2 Nd5 26.g3 h5 27.Rc1 Re8 28.Qf1 Nb4 29.Nc5 g6
30.Qg2 Rc8 31.Qb7 Na2 32.Rf1 Rxc5 33.Qa8+ Kg7 34.Qxa2 Qe4 35.Bd1 Rc1 36.Qa6 Rxd1
37.Rxd1 Nf3+ 38.Kf1 Nxh2+ 39.Kg1 Nf3+ 40.Kf1 Nh2+  1/2-1/2

[Event "Antwerp op"]
[Site "Antwerp"]
[Date "1994.??.??"]
[Round "9"]
[White "Van der Sterren, Paul"]
[Black "Hector, Jonny"]
[Result "1-0"]
[WhiteElo "2605"]
[BlackElo "2530"]

1.d4 d5 2.c4 c6 3.Nf3 Nf6 4.Nc3 e6 5.e3 Nbd7 6.Bd3 dxc4 7.Bxc4 b5 8.Bd3 a6
9.e4 c5 10.d5 c4 11.dxe6 fxe6 12.Bc2 Qc7 13.O-O Bc5 14.Qe2 Ne5 15.Nxe5 Qxe5
16.Be3 Bxe3 17.Qxe3 Ng4 18.Qh3 h5 19.Bd1 Nf6 20.Qe3 Ng4 21.Bxg4 hxg4 22.Qg3 Qxg3
23.fxg3 g5 24.Rf6 Ra7 25.e5 Rah7 26.Ne4 Rxh2 27.Nd6+ Kd7 28.Kf2 Rh1 29.Rxh1 Rxh1
30.Rf7+ Kc6 31.Nxc8 Rb1 32.Ke3 Rxb2 33.Ne7+ Kc5 34.Rf6 Rxa2 35.Rxe6 b4 36.Rc6+ Kb5
37.Rc8 Rxg2 38.Nf5 Rg1 39.Nd4+ Kb6 40.e6 Re1+ 41.Ne2  1-0

[Event "Aschach op"]
[Site "Aschach"]
[Date "1994.??.??"]
[Round "?"]
[White "Rocius, Marijonas"]
[Black "Lang, T."]
[Result "1-0"]
[WhiteElo "2255"]
[BlackElo "2110"]

1.d4 Nf6 2.Nf3 e6 3.c4 d5 4.Nc3 c6 5.e3 Bd6 6.Bd3 Nbd7 7.O-O O-O 8.e4 dxe4
9.Nxe4 Nxe4 10.Bxe4 Nf6 11.Bc2 Qc7 12.Bg5 Ne8 13.Re1 f6 14.Be3 g6 15.Qd2 Ng7
16.c5 Be7 17.Bf4 Qd8 18.Qe3 g5 19.Bg3 f5 20.Be5 g4 21.Nd2 Bg5 22.Qd3 Nh5
23.Bb3 Nf6 24.Bxf6 Qxf6 25.Nc4 Kg7 26.Nd6 Bd7 27.Nxb7 a5 28.Nd6 a4 29.Bc2 Rab8
30.Nc4 Bf4 31.Nb6 Be8 32.Bxa4 Bc7 33.Bb3 Bf7 34.Nd7 Qh4 35.Ne5 Bg8 36.Rad1 Rbd8
37.Qd2 f4 38.Nxg4 Qh5 39.f3 e5 40.Nxe5 Bxe5 41.Rxe5 Qxe5 42.dxe5 Rxd2 43.Rxd2 Bxb3
44.axb3 Rb8 45.Rd4 Rxb3 46.Rxf4 Rxb2 47.Rf6 Re2 48.f4  1-0

[Event "Aschach op"]
[Site "Aschach"]
[Date "1994.??.??"]
[Round "?"]
[White "Braun, Christian"]
[Black "Obran, Harald"]
[Result "1-0"]
[WhiteElo "2200"]
[BlackElo "1940"]

1.d4 c6 2.c4 d5 3.Nf3 Nf6 4.Nc3 e6 5.e3 Bb4 6.Qc2 Ne4 7.Bd3 f5 8.a3 Ba5 9.b4 Bc7
10.Bb2 Nd7 11.O-O O-O 12.b5 Ndf6 13.a4 Qe8 14.bxc6 bxc6 15.cxd5 exd5 16.Ba3 Rf7
17.Ne2 Ng4 18.h3 Rf6 19.Nf4 Bxf4 20.exf4 Qh5 21.Ng5 Rg6 22.hxg4 fxg4 23.Bxe4 Rh6
24.f3 dxe4 25.Qc4+ Be6 26.Nxe6 Qh2+ 27.Kf2 e3+ 28.Kxe3 Re8 29.f5 Qxg2 30.Qxc6 Rb8
31.Rab1 Qg3 32.Bd6  1-0

[Event "Aschach op"]
[Site "Aschach"]
[Date "1994.??.??"]
[Round "?"]
[White "Lehner, Oliver"]
[Black "Kleissel, H."]
[Result "1/2-1/2"]
[WhiteElo "2315"]
[BlackElo "2170"]

1.Nf3 Nf6 2.c4 c6 3.Nc3 d5 4.d4 e6 5.e3 Nbd7 6.Qc2 Bd6 7.Be2 O-O 8.O-O dxc4
9.Bxc4 e5 10.h3 b5 11.Bd3 Bb7 12.b3 a6 13.Ne4 Nxe4 14.Bxe4 g6 15.dxe5 Nxe5
16.Bb2 Qe7 17.Nxe5 Bxe5 18.Bxe5 Qxe5 19.Rac1 Rfd8 20.Rfd1 a5 21.Bf3 Rac8
22.a3 Kf8 23.b4 axb4 24.axb4 Ke7 25.Kf1 Rxd1+ 26.Rxd1 Rd8 27.Rxd8 Kxd8 28.Qd2+ Kc7
29.Qd4 Qxd4 30.exd4 Kd6  1/2-1/2

[Event "AUT-chT2W 9495"]
[Site "Austria"]
[Date "1994.??.??"]
[Round "?.1"]
[White "Adensamer, Gerhard"]
[Black "Feistenauer, Fred"]
[Result "0-1"]
[WhiteElo "1910"]
[BlackElo "2230"]

1.Nf3 d5 2.c4 c6 3.d4 Nf6 4.e3 e6 5.Nc3 Nbd7 6.Bd3 Bd6 7.O-O O-O 8.Qe2 e5
9.dxe5 Nxe5 10.Nxe5 Bxe5 11.f4 Bc7 12.cxd5 cxd5 13.Qf3 Re8 14.Kh1 a6 15.Bd2 Bg4
16.Qg3 Qd7 17.Nd1 Bb6 18.Nf2 Bf5 19.Bc3 d4 20.Bxf5 Qxf5 21.exd4 Rad8 22.Rae1 Rxe1
23.Rxe1 Bxd4 24.Bxd4 Rxd4 25.Qe3 Qd7 26.Qe5 h5 27.Qb8+ Kh7 28.Nh3 Rd1 29.Qe5 Qd2
30.Ng5+ Kg6 31.Nf3 Rxe1+ 32.Nxe1 Qd5 33.Qxd5 Nxd5 34.g3 Kf5 35.Nd3 b6 36.Kg2 Ke4
37.Ne5 f6 38.Nc6 Ne3+ 39.Kh3 g5 40.fxg5 fxg5 41.g4 Nxg4 42.Kg3 Ne5 43.Nd8 Kd5
44.h3 Kd6 45.b4 Kd7 46.Nb7 Kc7  0-1

[Event "AUT-ch"]
[Site "Austria"]
[Date "1994.??.??"]
[Round "9"]
[White "Humer, Wolfgang"]
[Black "Steiner, Bruno"]
[Result "1-0"]
[WhiteElo "2275"]
[BlackElo "2220"]

1.Nf3 d5 2.c4 c6 3.d4 Nf6 4.Nc3 e6 5.e3 Nbd7 6.Qc2 Be7 7.Bd3 b6 8.O-O Bb7
9.b3 O-O 10.Bb2 Rc8 11.Rad1 Re8 12.h3 g6 13.Rfe1 Qc7 14.e4 c5 15.e5 dxc4
16.bxc4 Bxf3 17.gxf3 cxd4 18.Nb5  1-0

[Event "AUT-chT"]
[Site "?"]
[Date "1994.??.??"]
[Round "?"]
[White "Kwatschewsky, Leo"]
[Black "Opl, Klaus"]
[Result "0-1"]
[WhiteElo "2300"]
[BlackElo "2270"]

1.d4 d5 2.c4 c6 3.Nf3 Nf6 4.Nc3 e6 5.e3 Nbd7 6.Bd3 dxc4 7.Bxc4 b5 8.Bd3 a6
9.e4 c5 10.e5 cxd4 11.Nxb5 axb5 12.exf6 gxf6 13.Nxd4 Qb6 14.Be3 Bb4+ 15.Kf1 Bc5
16.Bxb5 e5 17.Bxd7+ Bxd7 18.Nc2 Rg8 19.Bxc5 Qxc5 20.Ne3 Bc6 21.a4 Qb4 22.b3 Rd8
23.Qc1 Qb7 24.Rg1 Be4 25.f3 Bxf3 26.Kf2 Be4 27.a5 Qxb3 28.a6 Qb4 29.Ra2 Ba8
30.Qc4 Rd2+ 31.Rxd2 Qxd2+ 32.Qe2 Qxe2+ 33.Kxe2 Kd7 34.g3 Rb8 35.Rd1+ Ke6
36.Rd2 Rb6 37.Ra2 Rb4 38.a7 Rb6 39.Nc4 Rc6 40.Ne3 f5 41.Kd3 f4 42.gxf4 exf4
43.Nc2 Rd6+ 44.Ke2 Kf5 45.Ra4 Rh6 46.Nd4+ Kg4 47.Nb5 Rxh2+ 48.Kd3 Rh3+ 49.Kd2 Rh2+
50.Kd3 f5 51.Nc7 Be4+ 52.Kd4 Rc2 53.a8=Q Bxa8 54.Nxa8 h5 55.Nb6 Kg3 56.Nc4 h4
57.Kd3 Rc1 58.Ra8 f3 59.Ne3 f4 60.Rg8+ Kh3 61.Ng4 Kg3 62.Ne5+ Kf2 63.Ng4+ Ke1
64.Rf8 f2 65.Nh2 Rd1+ 66.Ke4 Ke2 67.Kxf4 f1=Q+  0-1

[Event "AUT-chT"]
[Site "?"]
[Date "1994.??.??"]
[Round "?"]
[White "Kaspret, Guido"]
[Black "Volkmann, Friedrich"]
[Result "1/2-1/2"]
[WhiteElo "2315"]
[BlackElo "2320"]

1.d4 d5 2.Nf3 Nf6 3.c4 e6 4.Nc3 c6 5.e3 Nbd7 6.Bd3 dxc4 7.Bxc4 b5 8.Bd3 Bb7
9.e4 b4 10.Na4 c5 11.e5 Nd5 12.O-O cxd4 13.Re1 a6 14.Bd2 g6 15.Rc1 Bg7 16.Nc5 Nxc5
17.Rxc5 O-O 18.Rc4 Qb6 19.Rxd4 a5 20.Rh4 Rfd8 21.Bg5 Rd7 22.Qe2 Ne7 23.Bb5 Ba6
24.Bxa6 Qxa6 25.Qxa6 Rxa6 26.Bxe7 Rxe7  1/2-1/2

[Event "AUT-chT2S 9394"]
[Site "AUT"]
[Date "1994.??.??"]
[Round "?"]
[White "Raffalt, Manfred"]
[Black "Steflitsch, Erich"]
[Result "0-1"]
[WhiteElo "2280"]
[BlackElo "2290"]

1.d4 d5 2.c4 e6 3.Nc3 c6 4.e3 Nf6 5.Nf3 Nbd7 6.Bd3 dxc4 7.Bxc4 b5 8.Bd3 a6
9.O-O c5 10.Qe2 Bb7 11.Rd1 Qc7 12.e4 cxd4 13.Nxd4 b4 14.Na4 Bd6 15.h3 Qa5
16.b3 Be5 17.Be3 Rc8 18.f4 Bb8 19.Qe1 Bxe4 20.Bxe4 Nxe4 21.Rac1 Rxc1 22.Rxc1 O-O
23.Nc6 Qh5 24.Qxb4 Ng3 25.Nb6 Nxb6 26.Ne7+ Kh8 27.Ng6+ hxg6 28.Qxf8+ Kh7
29.Qxb8 Ne2+ 30.Kh2 Nxc1 31.Qxb6 Nxa2 32.Qxa6 Nc3 33.Qd3 Nd5 34.Qe4 Qe2 35.f5 Qxe3  0-1

[Event "AUT-chT2S 9394"]
[Site "AUT"]
[Date "1994.??.??"]
[Round "?"]
[White "Weiss, Leo"]
[Black "Steiner, Bruno"]
[Result "1-0"]
[WhiteElo "2190"]
[BlackElo "2200"]

1.d4 d5 2.Nf3 c6 3.c4 Nf6 4.Nc3 e6 5.e3 Nbd7 6.Qc2 Be7 7.Bd3 O-O 8.b3 b6
9.O-O Bb7 10.Bb2 c5 11.Ne5 dxc4 12.bxc4 h6 13.Rfd1 cxd4 14.exd4 Rc8 15.Qe2 Re8
16.Rac1 Qc7 17.Nb5 Qb8 18.Nxd7 Nxd7 19.Bb1 Qa8 20.d5 exd5 21.Qd3 Nf8 22.cxd5 Rxc1
23.Rxc1 Rd8 24.Qg3 f6 25.d6 Bxd6 26.Nxd6 Bd5 27.Bxf6 Rd7 28.Rc8 Be6  1-0

[Event "AUT-chT2S 9394"]
[Site "AUT"]
[Date "1994.??.??"]
[Round "?"]
[White "Orgler, Philipp"]
[Black "Figler, D."]
[Result "1/2-1/2"]
[WhiteElo "2070"]
[BlackElo "2070"]

1.d4 d5 2.c4 c6 3.Nf3 e6 4.e3 Nf6 5.Nc3 Nbd7 6.Qc2 a6 7.Bd2 dxc4 8.Bxc4 b5
9.Be2 Bb7 10.O-O Be7 11.Rfd1 O-O 12.Ne5 c5 13.Bf3 Bxf3 14.Nxf3 Rc8 15.Qd3 cxd4
16.exd4 Nb6 17.Ne5 Nc4 18.Nxc4 Rxc4 19.Bg5 Qd6 20.a4 Rd8 21.axb5 axb5 22.Nxb5 Qd5
23.Bxf6 Bxf6 24.Nc3 Qxd4 25.Qe2 Qf4 26.Rxd8+ Bxd8 27.g3 Qc7 28.Ra8 Rd4 29.Qb5 Qd7
30.b4 h6 31.Qxd7 Rxd7 32.Nb5 Kh7 33.Ra7 Rd1+ 34.Kg2  1/2-1/2

[Event "Bahn-chG"]
[Site "Bad Laasphe"]
[Date "1994.??.??"]
[Round "5"]
[White "Richard, Clemens"]
[Black "Eckhardt, Wolfgang"]
[Result "1/2-1/2"]
[WhiteElo "1785"]
[BlackElo "1610"]

1.d4 d5 2.c4 c6 3.Nc3 Nf6 4.Nf3 e6 5.e3 Be7 6.Be2 dxc4 7.Bxc4 b5 8.Bd3 Na6
9.O-O Nc7 10.e4 O-O 11.Qc2 g6 12.Bf4 Nh5 13.Bxc7 Qxc7 14.Nxb5 Qb6 15.Nc3 Nf4
16.Rfd1 Bb7 17.Bf1 Rac8 18.Qd2 Nh5 19.Ne5 Qc7 20.Rac1 Bd6 21.Nb5 Qb8 22.Nxd6 Qxd6
23.Ng4 Rcd8 24.e5 Qd5 25.Qh6 f5 26.Ne3 Qe4 27.Rc4 Ba6 28.Ra4 Bxf1 29.Rxa7 Rf7
30.Rxf7 Kxf7 31.Kxf1 Rxd4 32.Qxh7+ Ng7 33.Qh3 Qxe5 34.Qf3 Rxd1+ 35.Nxd1 Qxh2
36.Qxc6 Qh1+ 37.Ke2 Qh5+ 38.Qf3 Qh4 39.b3 Qb4 40.a4 Nh5 41.g3 Nf6 42.Nb2 Ne4
43.Nc4 Nc3+ 44.Kf1 Qxb3  1/2-1/2

[Event "Bahn-chG"]
[Site "Bad Laasphe"]
[Date "1994.??.??"]
[Round "6"]
[White "Mueller, M."]
[Black "Becker, Sven"]
[Result "1-0"]
[WhiteElo "2240"]
[BlackElo "1870"]

1.d4 d5 2.Nf3 Nf6 3.c4 c6 4.Nc3 e6 5.e3 Nbd7 6.Bd3 dxc4 7.Bxc4 b5 8.Bb3 Bb7
9.O-O a6 10.Qe2 c5 11.Rd1 c4 12.Bc2 Qc7 13.e4 b4 14.Nb1 Be7 15.Nbd2 Rc8 16.Nf1 a5
17.Bg5 Nb6 18.Rac1 Ra8 19.Ne5 a4 20.Bb1 Ba6 21.Qf3 O-O 22.Qh3 h6 23.Bf4 Qb7
24.Ng3 Nfd7 25.Bxh6 Nxe5 26.dxe5 gxh6 27.Qxh6 f6 28.Nh5 Bd8 29.exf6 Qh7 30.Qg5+ Kf7
31.e5 Qg8 32.Ng7  1-0

[Event "Bad Ragaz"]
[Site "Bad Ragaz"]
[Date "1994.??.??"]
[Round "1"]
[White "Cvitan, Ognjen"]
[Black "Sutter, Oliver"]
[Result "1-0"]
[WhiteElo "2570"]
[BlackElo "2310"]

1.d4 d5 2.c4 c6 3.Nf3 Nf6 4.Nc3 e6 5.e3 Nbd7 6.Bd3 dxc4 7.Bxc4 b5 8.Bd3 Bb7
9.e4 b4 10.Na4 c5 11.e5 Nd5 12.dxc5 Nxc5 13.Nxc5 Bxc5 14.O-O h6 15.Qe2 Qb6
16.a4 bxa3 17.bxa3 Nc3 18.Qc2 Bxf3 19.gxf3 Rc8 20.Bb2 Bd4 21.Bxc3 Bxc3 22.Rab1 Qa5
23.Rfc1 O-O 24.Rb3  1-0

[Event "Bad Woerishofen op"]
[Site "Bad Woerishofen"]
[Date "1994.??.??"]
[Round "5"]
[White "Cvitan, Ognjen"]
[Black "Magerramov, Elmar"]
[Result "1/2-1/2"]
[WhiteElo "2570"]
[BlackElo "2525"]

1.Nf3 d5 2.c4 c6 3.d4 Nf6 4.Nc3 e6 5.e3 Nbd7 6.Bd3 dxc4 7.Bxc4 b5 8.Bd3 Bb7
9.O-O a6 10.e4 c5 11.e5 cxd4 12.Nxb5 Bxf3 13.Qxf3 Nd5 14.Nxd4 Nxe5 15.Qe2 Nxd3
16.Qxd3 Bc5 17.Nf3 O-O 18.Bd2 Qb6 19.Ng5 Nf6 20.Bc3 Rad8 21.Qc2 Bd4 22.Bxd4 Rxd4
23.Nf3 Rd5 24.Rac1 h6 25.Rfd1 Rfd8 26.Rxd5 Rxd5 27.h3 Qd6 28.a3 g6 29.b4 Kg7
30.Qb2 Qf4 31.Re1 Kh7 32.Qc3 Nd7 33.Qc6 Nb8 34.Qb7 Kg7 35.Qc8 Qd6 36.Qc3+ Kg8
37.Ne5 h5 38.f4 Qb6+ 39.Qe3 Qb7 40.Rc1 Nd7 41.Nf3 Nf6 42.Qc3 Qb6+ 43.Kh2 Rf5
44.Qc7 Qxc7 45.Rxc7 a5 46.Rc5 Rxc5 47.bxc5 Kf8 48.Ne5 a4 49.Nc4 Ke7 50.Nb6 Nd5
51.Nxa4 Nxf4 52.Kg3 e5 53.Kf3 f5 54.Nb6 Ne6 55.Nd5+ Kd7 56.g4 hxg4+ 57.hxg4 Nxc5
58.gxf5 gxf5 59.Nb6+ Ke6 60.a4 f4 61.Kg4 Nb3 62.Nc4 Kd5 63.a5 Nc5 64.Nd2 Kd4
65.Kf5  1/2-1/2

[Event "Oberliga Bayern9394"]
[Site "Bayern"]
[Date "1994.??.??"]
[Round "?"]
[White "Goetz, Andreas"]
[Black "Roesch, Otto"]
[Result "1/2-1/2"]
[WhiteElo "2085"]
[BlackElo "2075"]

1.Nf3 d5 2.d4 Nf6 3.c4 e6 4.Nc3 c6 5.e3 Ne4 6.cxd5 Nxc3 7.bxc3 exd5 8.c4 Bb4+
9.Bd2 Bxd2+ 10.Qxd2 O-O 11.Bd3 Bg4 12.Ne5 Be6 13.cxd5 cxd5 14.O-O Nd7 15.Qb2 Nxe5
16.dxe5 Qd7 17.Qd4 f6 18.a4 Qc7 19.exf6 Rxf6 20.Rfc1 Qf7 21.Qh4 Bf5 22.Bxf5 Rxf5
23.Rc2 Qf6 24.Qxf6 Rxf6 25.g3 Re8 26.Rd1 Rd8 27.Rd4 Rfd6 28.Rc7 R8d7 29.Rxd7 Rxd7
30.Kg2  1/2-1/2

[Event "JUG-chT Cup"]
[Site "Becici"]
[Date "1994.??.??"]
[Round "?"]
[White "Jovancic, Miodrag"]
[Black "Jovic, Ljubomir"]
[Result "1/2-1/2"]
[WhiteElo "2245"]
[BlackElo "2345"]

1.d4 e6 2.c4 d5 3.Nc3 c6 4.Nf3 Nf6 5.e3 Nbd7 6.Bd3 Bd6 7.e4 dxe4 8.Nxe4 Nxe4
9.Bxe4 Nf6 10.Bc2 b6 11.O-O h6 12.Re1 Bb7 13.Ne5 Bxe5 14.dxe5 Qxd1 15.Rxd1 Nd7
16.Bf4 g5 17.Bg3 b5 18.b3 h5 19.f3 Rg8 20.h3 h4 21.Bh2 bxc4 22.bxc4 O-O-O
23.Kh1 Nb6 24.Bb3 c5 25.Bg1 Rxd1 26.Rxd1 Nd7 27.Re1 Bc6 28.Re3 a5 29.Bc2 Kc7
30.Ra3 a4 31.Be4 Bxe4 32.fxe4 g4 33.hxg4 Rxg4 34.Rxa4 Rxe4 35.Bf2 Nxe5 36.Bxc5 Nxc4
37.Kh2 Kc6 38.Be7 Kd5 39.Kh3 f5 40.Bxh4 Re3+ 41.Kh2 Ne5 42.Bf2 Re2 43.Kg3 Ng4
44.Ba7 e5 45.Ra6 Rd2 46.Ra3 Ke6 47.Ra6+ Kf7 48.Bb8 Rd5 49.Kh4 Ne3 50.Kg5 e4
51.Ra7+ Ke8 52.Kf6 Nxg2 53.Ke6 Rc5  1/2-1/2

[Event "JUG-chT Cup"]
[Site "Becici"]
[Date "1994.??.??"]
[Round "?"]
[White "Carnic, Srdjan"]
[Black "Cabarkapa, Velibor"]
[Result "1/2-1/2"]
[WhiteElo "2275"]
[BlackElo "2285"]

1.d4 d5 2.c4 c6 3.Nc3 Nf6 4.e3 e6 5.Nf3 Nbd7 6.Qc2 Bd6 7.Be2 O-O 8.b3 Qe7
9.O-O Re8 10.Bb2 b6 11.e4 Nxe4 12.Nxe4 dxe4 13.Qxe4 Bb7 14.Bd3 f5 15.Qe3 c5
16.Rfe1 cxd4 17.Nxd4 Ne5 18.Be2 Qh4 19.Qg3 Qh6 20.Bc1 Qf6 21.Bg5 Qg6 22.Bf4 Qxg3
23.hxg3 Nf7 24.Bxd6 Nxd6 25.Bf3 Bxf3 26.gxf3 Kf7 27.Rad1 Rac8 28.Rd2 Kf6
29.Nc2 Nf7 30.f4 Re7 31.Red1 g5 32.fxg5+ Nxg5 33.Rd8 Rxd8 34.Rxd8 Ne4 35.Nb4 Nc5
36.Kf1 Rc7 37.Nd3 Nxd3 38.Rxd3 Ke5 39.Ke2 Kf6 40.Kd2 e5 41.Kc3 Kg5 42.Rd5 Re7
43.Kd3 Kg4 44.Ke2 f4 45.Rd3 e4 46.Rc3 e3 47.gxf4 exf2+ 48.Kxf2 Kxf4 49.b4 h5
50.c5 bxc5 51.bxc5 Ke4 52.c6 Kd4 53.Rc1  1/2-1/2